Ensayos sobre el campesinado en México.

Salvato in:
Dettagli Bibliografici
Autore principale: Warman, Arturo (autor)
Natura: Libro
Lingua:spagnolo
Soggetti:
Tags: Aggiungi Tag
Nessun Tag, puoi essere il primo ad aggiungerne!!

MARC

LEADER 00000cam^a2200000uu^4500
001 000457620
005 20250521000000.0
008 050901s1984^^^^^^^^^^^^rd^r^^000^0^spa^d
009 20260526145641.249
022 |a 9684291957 
035 |a FCE 000000055 
035 |a FCE 000056 
037 |a Acervo ITESO - Biblioteca 
041 |a spa 
082 0 4 |a 305.56  |b WARe 
100 |a Warman, Arturo  |e (autor) 
245 1 0 |a Ensayos sobre el campesinado en México. 
264 |a México :  |b Nueva Imagen,  |c 1984. 
300 |a 213 p. 
336 |a texto  |b txt  |2 rdacontenido 
337 |a sin mediación  |b n  |2 rdamedio 
338 |a volumen  |b nc  |2 rdasoporte 
649 |a XX 
650 |a Campesinos 
650 |a Ensayo 
650 |a Reforma agraria 
910 |a Fondo Centro de Estudios Educativos 
920 |a Impresos - Libros 
930 |a Fondos Especiales 
905 |a 133 
901 |a ALE000056  |b IT2  |c CEE  |u 20250521 
902 |a https://opac.biblio.iteso.mx/vufind/Record/000457620